[Event "Avoine op 29th"]
[Site "Avoine"]
[Date "2014.07.24"]
[Round "6"]
[White "Gros, Patrick"]
[Black "Le Huec, Marc"]
[Result "1/2-1/2"]
[WhiteElo "1984"]
[BlackElo "2267"]
[PlyCount "68"]
[EventDate "2014.07.19"]
[EventType "swiss"]
[EventRounds "9"]
[EventCountry "FRA"]
[SourceTitle "CBM 161 Extra"]
[Source "ChessBase"]
[SourceDate "2014.08.29"]
[SourceVersion "1"]
[SourceVersionDate "2014.08.29"]
[SourceQuality "1"]

1. d4 Nf6 2. Nf3 g6 3. Nc3 d5 4. Bf4 Bg7 5. e3 0-0 6. Be2 c5 7. Ne5 cxd4 8. exd4 Nc6 9. Nxc6 bxc6 10. 0-0 Nd7 11. Na4 Qa5 12. c3 Ba6 13. Bxa6 Qxa6 14. Re1 Rfe8 15. Qc2 Rac8 16. b4 Qb5 17. Re3 a5 18. Nc5 e5 19. Rae1 Nxc5 20. bxc5 f6 21. h4 Kf7 22. dxe5 fxe5 23. Bxe5 Bxe5 24. Rxe5 Rxe5 25. Rxe5 Qxc5 26. Qe2 Rc7 27. Qf3+ Kg7 28. Re6 Rf7 29. Qg3 Rf5 30. h5 Rxh5 31. Qc7+ Kh6 32. Qf4+ Kg7 33. Qc7+ Kh6 34. Qf4+ Kg7 1/2-1/2

[Event "Avoine op 29th"]
[Site "Avoine"]
[Date "2014.07.20"]
[Round "2"]
[White "Manea, Alexandru"]
[Black "Gros, Patrick"]
[Result "1-0"]
[WhiteElo "2373"]
[BlackElo "1984"]
[PlyCount "57"]
[EventDate "2014.07.19"]
[EventType "swiss"]
[EventRounds "9"]
[EventCountry "FRA"]
[SourceTitle "CBM 161 Extra"]
[Source "ChessBase"]
[SourceDate "2014.08.29"]
[SourceVersion "1"]
[SourceVersionDate "2014.08.29"]
[SourceQuality "1"]

1. Nf3 d6 2. e4 Nf6 3. Nc3 c6 4. d4 Qa5 5. Bd3 Bg4 6. h3 Bh5 7. g4 Bg6 8. Bd2 Qc7 9. Bf4 Nfd7 10. d5 Nc5 11. Qd2 Nxd3+ 12. cxd3 e5 13. Bg3 c5 14. Nh4 Be7 15. f4 Qd8 16. Nxg6 fxg6 17. fxe5 0-0 18. e6 Rf3 19. Ne2 Bg5 20. Bf4 Bh4+ 21. Kd1 Na6 22. Rc1 Nb4 23. Rc3 Nxa2 24. Ra3 Nb4 25. d4 Rf2 26. dxc5 dxc5 27. Be3 Qf6 28. Bxf2 Qxf2 29. Qf4 1-0

[Event "Avoine op 29th"]
[Site "Avoine"]
[Date "2014.07.19"]
[Round "1"]
[White "Gros, Patrick"]
[Black "Aubry, Yannis"]
[Result "1/2-1/2"]
[WhiteElo "1984"]
[BlackElo "2255"]
[PlyCount "39"]
[EventDate "2014.07.19"]
[EventType "swiss"]
[EventRounds "9"]
[EventCountry "FRA"]
[SourceTitle "CBM 161 Extra"]
[Source "ChessBase"]
[SourceDate "2014.08.29"]
[SourceVersion "1"]
[SourceVersionDate "2014.08.29"]
[SourceQuality "1"]

1. d4 d6 2. e4 Nf6 3. Nc3 g6 4. Be3 Bg7 5. Qd2 0-0 6. Nf3 Bg4 7. h3 Bxf3 8. gxf3 e5 9. d5 c5 10. Bg5 a6 11. h4 h5 12. Ne2 Nbd7 13. Ng3 Qe8 14. Bh6 Qd8 15. Rg1 Ne8 16. Bh3 Kh7 17. Nf5 Rg8 18. Bxg7 Rxg7 19. Nxg7 Nxg7 20. Bxd7 1/2-1/2

[Event "Lille Luce op 5th"]
[Site "Lille"]
[Date "2014.05.02"]
[Round "7"]
[White "Gros, Patrick"]
[Black "Ponnet, Jean"]
[Result "1-0"]
[WhiteElo "2004"]
[BlackElo "1744"]
[PlyCount "85"]
[EventDate "2014.04.28"]
[EventType "swiss"]
[EventRounds "9"]
[EventCountry "FRA"]
[SourceTitle "CBM 160 Extra"]
[Source "ChessBase"]
[SourceDate "2014.07.01"]
[SourceVersion "1"]
[SourceVersionDate "2014.07.01"]
[SourceQuality "1"]

1. e4 c5 2. Nc3 Nc6 3. g3 g6 4. Bg2 Bg7 5. d3 d6 6. Be3 Nf6 7. h3 0-0 8. Nge2 e5 9. 0-0 Nd4 10. f4 Rb8 11. Qd2 b5 12. Nd1 b4 13. c3 bxc3 14. bxc3 Nxe2+ 15. Qxe2 Nh5 16. Kh2 exf4 17. gxf4 f5 18. e5 Bb7 19. Bxb7 Rxb7 20. Qf3 Rd7 21. d4 cxd4 22. cxd4 dxe5 23. fxe5 Qc7 24. Rc1 Qb7 25. Nc3 Re8 26. Na4 Bf8 27. Qxb7 Rxb7 28. Rc6 Ng7 29. Rfc1 Rb4 30. Ra6 Rb7 31. Rc2 Be7 32. d5 g5 33. d6 f4 34. Rxa7 Rxa7 35. Bxa7 Bf8 36. d7 Rd8 37. Rd2 Ne6 38. Bb6 Ra8 39. Nc3 Be7 40. Nd5 Bd8 41. Bxd8 Nxd8 42. e6 Nxe6 43. Nc7 1-0

[Event "Lille Luce op 5th"]
[Site "Lille"]
[Date "2014.05.01"]
[Round "5"]
[White "Gros, Patrick"]
[Black "Creton, Sylvain"]
[Result "1/2-1/2"]
[WhiteElo "2004"]
[BlackElo "1655"]
[PlyCount "85"]
[EventDate "2014.04.28"]
[EventType "swiss"]
[EventRounds "9"]
[EventCountry "FRA"]
[SourceTitle "CBM 160 Extra"]
[Source "ChessBase"]
[SourceDate "2014.07.01"]
[SourceVersion "1"]
[SourceVersionDate "2014.07.01"]
[SourceQuality "1"]

1. d4 d5 2. Nf3 Nf6 3. Bf4 e6 4. e3 c5 5. Bd3 c4 6. Be2 Bb4+ 7. c3 Be7 8. 0-0 Nc6 9. Ne5 Nxe5 10. dxe5 Ne4 11. Nd2 Nc5 12. b4 Nd7 13. e4 Nb6 14. Qc2 Bd7 15. exd5 Nxd5 16. Bg3 b5 17. Ne4 0-0 18. Rfd1 Bc6 19. a4 a6 20. Rd4 Qb6 21. a5 Qb7 22. Bf3 Rad8 23. Rad1 Rd7 24. Qd2 Rfd8 25. Nf6+ gxf6 26. Qh6 f5 27. Bh5 Bf8 28. Qg5+ Bg7 29. Bh4 h6 30. Qg3 Kh7 31. Bxf7 Rxf7 32. Bxd8 Nxc3 33. Qxc3 Bxe5 34. Qe3 Bxd4 35. Rxd4 Rd7 36. Bf6 Rxd4 37. Bxd4 Bxg2 38. Qxe6 Bh3 39. f3 Qc7 40. Qf6 f4 41. Qh8+ Kg6 42. Qf6+ Kh7 43. Qh8+ 1/2-1/2

[Event "Avoine op 25th"]
[Site "Avoine"]
[Date "2010.07.20"]
[Round "4"]
[White "Le Roch, Daniel"]
[Black "Gros, Patrick"]
[Result "0-1"]
[WhiteElo "1867"]
[BlackElo "2050"]
[PlyCount "134"]
[EventDate "2010.07.17"]
[EventType "swiss"]
[EventRounds "9"]
[EventCountry "FRA"]
[SourceTitle "EXT 2011"]
[Source "ChessBase"]
[SourceDate "2010.11.26"]
[SourceVersion "1"]
[SourceVersionDate "2010.11.26"]
[SourceQuality "1"]

1. d4 d6 2. c4 e5 3. dxe5 dxe5 4. Qxd8+ Kxd8 5. Nf3 f6 6. Nc3 c6 7. Bd2 Be6 8. b3 Nd7 9. 0-0-0 Kc7 10. g3 a5 11. Bg2 Bc5 12. e3 Nh6 13. h3 Nb6 14. a4 Rhd8 15. Ne4 Ba3+ 16. Kc2 Nd7 17. Bc3 Nf7 18. Rd2 b6 19. Rhd1 Be7 20. g4 f5 21. gxf5 Bxf5 22. Ne1 Nc5 23. Rxd8 Rxd8 24. Rxd8 Bxd8 25. f3 Bf6 26. Nd3 Bxe4 27. fxe4 Nxd3 28. Kxd3 c5 29. Ke2 Kd7 30. Kf3 Nd6 31. Kg4 Ke6 32. h4 Nf7 33. Bh3 Ke7 34. Be1 g6 35. Kf3 Nd6 36. Bg3 Kf8 37. Bd7 Kg7 38. Be6 Kh6 39. Bg8 Kg7 40. Be6 h5 41. Bd5 Kh6 42. Kg2 g5 43. hxg5+ Kxg5 44. Kh3 Kh6 45. Bh4 Bxh4 46. Kxh4 Ne8 47. Be6 Nf6 48. Bf5 Ne8 49. Be6 Nd6 50. Bd5 Kg6 51. Bc6 Kh6 52. Bd5 Ne8 53. Be6 Nf6 54. Bf5 Ng8 55. Be6 Ne7 56. Bf7 Ng6+ 57. Kg3 Kg5 58. Be6 Ne7 59. Bd7 Ng8 60. Be6 Nf6 61. Bf5 h4+ 62. Kh3 Nh5 63. Kg2 Ng3 64. Bh7 Kg4 65. Kf2 h3 66. Bf5+ Nxf5 67. exf5 Kxf5 0-1

[Event "Avoine op 25th"]
[Site "Avoine"]
[Date "2010.07.18"]
[Round "2"]
[White "Chanoine, Guillaume"]
[Black "Gros, Patrick"]
[Result "1-0"]
[WhiteElo "2276"]
[BlackElo "2050"]
[PlyCount "50"]
[EventDate "2010.07.17"]
[EventType "swiss"]
[EventRounds "9"]
[EventCountry "FRA"]
[SourceTitle "EXT 2011"]
[Source "ChessBase"]
[SourceDate "2010.11.26"]
[SourceVersion "1"]
[SourceVersionDate "2010.11.26"]
[SourceQuality "1"]

1. e4 e6 2. d4 c5 3. Nf3 cxd4 4. Nxd4 Nf6 5. Nc3 Nc6 6. Ndb5 d6 7. Bf4 e5 8. Bg5 a6 9. Na3 b5 10. Nd5 Be7 11. Bxf6 Bxf6 12. c3 0-0 13. Nc2 Rb8 14. Be2 Bg5 15. h4 Bxh4 16. Bd3 g6 17. a4 f5 18. g3 Bg5 19. Qe2 f4 20. Bxb5 fxg3 21. fxg3 Bd7 22. Bc4 Kh8 23. b4 Qc8 24. Nce3 Nd4 25. cxd4 exd4 1-0

[Event "Avoine op 21th"]
[Site "Avoine"]
[Date "2006.07.22"]
[Round "1"]
[White "Gros, Patrick"]
[Black "Croizier, Valery"]
[Result "1/2-1/2"]
[WhiteElo "2053"]
[BlackElo "2221"]
[PlyCount "74"]
[EventDate "2006.07.22"]
[EventType "swiss"]
[EventRounds "9"]
[EventCountry "FRA"]
[SourceTitle "EXT 2007"]
[Source "ChessBase"]
[SourceDate "2006.11.23"]
[SourceVersion "1"]
[SourceVersionDate "2006.11.23"]
[SourceQuality "1"]

1. d4 Nf6 2. Bf4 d6 3. e3 g6 4. h3 Bg7 5. Be2 0-0 6. Nf3 c5 7. c3 Nbd7 8. 0-0 a6 9. a4 Qc7 10. a5 b5 11. axb6 Nxb6 12. Nbd2 Bb7 13. Qc2 cxd4 14. exd4 a5 15. Ra3 Nfd7 16. Rfa1 e5 17. dxe5 dxe5 18. Bh2 a4 19. Re1 Qc6 20. Bf1 Rfe8 21. c4 e4 22. Rae3 Nc5 23. Ng5 f5 24. h4 Bd4 25. g4 Bxe3 26. Rxe3 h6 27. Nh3 fxg4 28. Nf4 Nd3 29. Qc3 Rf8 30. Rxd3 exd3 31. Bg2 Qd7 32. Nxg6 Bxg2 33. Qh8+ Kf7 34. Qxh6 Qb7 35. Ne5+ Ke8 36. Qg6+ Kd8 37. Qd6+ Ke8 1/2-1/2

[Event "Metz op 23rd"]
[Site "Metz"]
[Date "2005.??.??"]
[Round "5"]
[White "Gros, Patrick"]
[Black "Sailer, Douglas"]
[Result "0-1"]
[WhiteElo "2052"]
[BlackElo "2178"]
[PlyCount "44"]
[EventDate "2005.04.16"]
[EventType "swiss"]
[EventRounds "9"]
[EventCountry "FRA"]
[SourceTitle "EXT 2007"]
[Source "ChessBase"]
[SourceDate "2006.11.23"]
[SourceVersion "1"]
[SourceVersionDate "2006.11.23"]
[SourceQuality "1"]

1. d4 Nf6 2. Nf3 e6 3. Bf4 b6 4. e3 Bb7 5. Bd3 Ne4 6. Nbd2 f5 7. c3 Be7 8. Qc2 Nxd2 9. Nxd2 0-0 10. Rg1 g5 11. g4 gxf4 12. gxf5+ Kh8 13. exf4 Bd6 14. fxe6 Qe7 15. 0-0-0 dxe6 16. Rg3 Bxf4 17. Rh3 Rf7 18. Rg1 Nd7 19. Rg4 Rg8 20. Bg6 Rfg7 21. Qd3 Bxd2+ 22. Kxd2 Nf6 0-1

[Event "FRA-chT2"]
[Site "France"]
[Date "2002.03.??"]
[Round "9.8"]
[White "Gros, Patrick"]
[Black "Mietlicki, Richard"]
[Result "1/2-1/2"]
[WhiteElo "2055"]
[BlackElo "2122"]
[PlyCount "75"]
[EventDate "2002.??.??"]
[EventType "team"]
[EventRounds "11"]
[EventCountry "FRA"]
[SourceTitle "EXT 2003"]
[Source "ChessBase"]
[SourceDate "2002.11.25"]
[SourceVersion "1"]
[SourceVersionDate "2002.11.25"]
[SourceQuality "1"]

1. d4 Nf6 2. Nf3 g6 3. Bg5 Bg7 4. c3 Ne4 5. Bh4 0-0 6. Nbd2 Nxd2 7. Qxd2 d5 8. e3 Nd7 9. b4 Qe8 10. Bg3 e5 11. dxe5 Nxe5 12. Nxe5 Bxe5 13. Bxe5 Qxe5 14. Be2 Bf5 15. Bf3 Be4 16. 0-0 Bxf3 17. gxf3 Qh5 18. f4 Qg4+ 19. Kh1 Qf3+ 20. Kg1 h5 21. Qd1 Qe4 22. Qd4 Qe6 23. Kh1 c6 24. Rg1 Rfe8 25. Rg5 Qh3 26. Rg3 Qf5 27. Rg5 Qe4+ 28. Qxe4 Rxe4 29. Rag1 Kh7 30. f5 Rg8 31. fxg6+ fxg6 32. f4 Rxe3 33. f5 Rxc3 34. fxg6+ Kg7 35. Rxh5 Rh8 36. Rf5 Rc2 37. Rf7+ Kg8 38. Rg2 1/2-1/2

[Event "Metz op 18th"]
[Site "Metz"]
[Date "2000.04.23"]
[Round "9"]
[White "Vreeken, Corry"]
[Black "Gros, Patrick"]
[Result "1-0"]
[WhiteElo "2087"]
[BlackElo "2015"]
[PlyCount "41"]
[EventDate "2000.04.15"]
[EventType "swiss"]
[EventRounds "9"]
[EventCountry "FRA"]
[SourceTitle "CBM 075 Extra"]
[Source "ChessBase"]
[SourceDate "2000.05.11"]
[SourceVersion "2"]
[SourceVersionDate "2000.05.11"]
[SourceQuality "1"]

1. e4 d6 2. d4 Nf6 3. Nc3 c6 4. g3 Qa5 5. Bg2 e5 6. Nge2 Be7 7. h3 0-0 8. 0-0 b5 9. Be3 Nbd7 10. a3 Qc7 11. f4 a5 12. g4 Ba6 13. Ng3 Ne8 14. Nf5 Bd8 15. Qf3 Rb8 16. Rfd1 b4 17. axb4 axb4 18. Rxa6 bxc3 19. bxc3 Rb2 20. dxe5 Nc5 21. exd6 1-0

[Event "FRA-chT2O 9899"]
[Site "France"]
[Date "1999.01.??"]
[Round "6"]
[White "Simon, Olivier"]
[Black "Gros, Patrick"]
[Result "1/2-1/2"]
[WhiteElo "2116"]
[BlackElo "2043"]
[PlyCount "62"]
[EventDate "1998.??.??"]
[EventType "team"]
[EventRounds "9"]
[EventCountry "FRA"]
[SourceTitle "EXT 2002"]
[Source "ChessBase"]
[SourceDate "2001.11.25"]
[SourceVersion "1"]
[SourceVersionDate "2001.11.25"]
[SourceQuality "1"]

1. e4 d6 2. d4 g6 3. Nc3 c6 4. a4 a5 5. Bc4 Bg7 6. f3 Na6 7. Be3 Nb4 8. Bb3 d5 9. e5 h5 10. h4 Nh6 11. Nge2 Nf5 12. Bf4 b6 13. Qd2 Ba6 14. Ng3 Nxg3 15. Bxg3 Bh6 16. Bf4 Bxf4 17. Qxf4 e6 18. Na2 Qe7 19. Nxb4 Qxb4+ 20. Qd2 Qxd2+ 21. Kxd2 Ke7 22. c3 c5 23. Rhc1 Rac8 24. Rc2 cxd4 25. cxd4 Rxc2+ 26. Bxc2 Rc8 27. b3 Rg8 28. f4 Rc8 29. Bd3 Bxd3 30. Kxd3 Kd7 31. Rb1 Ra8 1/2-1/2

[Event "FRA-chT2O 9899"]
[Site "France"]
[Date "1998.12.06"]
[Round "4"]
[White "Gros, Patrick"]
[Black "Cornette, Matthieu"]
[Result "0-1"]
[WhiteElo "2043"]
[BlackElo "2085"]
[PlyCount "66"]
[EventDate "1998.??.??"]
[EventType "team"]
[EventRounds "9"]
[EventCountry "FRA"]
[SourceTitle "EXT 2002"]
[Source "ChessBase"]
[SourceDate "2001.11.25"]
[SourceVersion "1"]
[SourceVersionDate "2001.11.25"]
[SourceQuality "1"]

1. e4 d5 2. exd5 Nf6 3. d4 Bg4 4. Be2 Bxe2 5. Nxe2 Qxd5 6. 0-0 Nc6 7. c3 0-0-0 8. Be3 e5 9. Qa4 Ng4 10. Nd2 exd4 11. Bxd4 Bd6 12. Nf3 Rhe8 13. Ng3 Bxg3 14. hxg3 Re4 15. Qc2 Rde8 16. Rad1 Qh5 17. Bxg7 f6 18. Rfe1 Nd4 19. Rxe4 Nxf3+ 20. gxf3 Qh2+ 21. Kf1 Rxe4 22. Rd8+ Kxd8 23. Qd2+ Kc8 24. fxe4 Qh1+ 25. Ke2 Qxe4+ 26. Kd1 Qb1+ 27. Ke2 Qg6 28. Bf8 Qe8+ 29. Kf3 Ne5+ 30. Kg2 Qxf8 31. Qd4 Qd6 32. Qxa7 Qc6+ 33. Kf1 Qa6+ 0-1